Distribution Distribution in Marketing

Na minha lista:
Detalhes bibliográficos
Autor principal: Daňo, Ferdinand, 1959-
Autor Corporativo: Ekonomická univerzita v Bratislave. Obchodná fakulta
Outros Autores: Drábik, Peter, 1981-, Rehák, Róbert, 1984-, Vernerová, Dominika, 1994-, Oreský, Milan, 1956-, Karlíček, Miroslav, Bzdúšek, Ivan
Formato: Livro
Idioma:inglês
Publicado em: Bratislava EKONÓM Publishing house 2024
Edição:1st Edition
Assuntos:
Tags: Adicionar Tag
Sem tags, seja o primeiro a adicionar uma tag!

MARC

LEADER 00000nam a2200000 4500
001 0305064
005 20241217113508.5
020 |a 978-80-225-5179-3 
041 0 |a eng 
044 |a SK 
245 1 0 |a Distribution  |b Distribution in Marketing  |c Ferdinand Daňo, Peter Drábik, Róbert Rehák, Dominika Vernerová ; Reviewers: Milan Oreský, Miroslav Karlíček, Ivan Bzdúšek 
250 |a 1st Edition 
264 1 |a Bratislava  |b EKONÓM Publishing house  |c 2024 
300 |a 327 s. [18,48 AH] 
610 2 0 |a distribúcia 
610 2 0 |a marketing 
610 2 0 |a manažment 
610 2 0 |a kanály distribučné 
610 2 0 |a stratégia distribučná 
610 2 0 |a centrá logistické 
610 2 0 |a logistika 
610 2 0 |a dizajn 
610 2 0 |a kontroling 
100 1 |a Daňo, Ferdinand, 1959- 
700 1 |a Drábik, Peter, 1981- 
700 1 |a Rehák, Róbert, 1984- 
700 1 |a Vernerová, Dominika, 1994- 
700 1 |a Oreský, Milan, 1956- 
700 1 |a Karlíček, Miroslav 
700 1 |a Bzdúšek, Ivan 
710 2 |a Ekonomická univerzita v Bratislave. Obchodná fakulta